[Event "Irish Championship 2016"]
[Site "Dublin IRL"]
[Date "2016.07.06"]
[Round "5.1"]
[White "Daly, Colm"]
[Black "Jessel, Stephen"]
[Result "0-1"]
[WhiteTitle "FM"]
[BlackTitle "FM"]
[WhiteElo "2334"]
[BlackElo "2344"]
[WhiteICU "2262"]
[BlackICU "2304"]
[WhiteClub "Bray/Greystones"]
[BlackClub "V&eacute;sinet FRA"]
[WhiteNationality "IRL"]
[BlackNationality "IRL"]
[WhiteFideId "2500434"]
[BlackFideId "628859"]
[PlyCount "204"]
[EventDate "2016.07.02"]
[Source "Chess-Results.com"]

{ Event information: <a
href="https://www.irlchess.com/irlch2016_allfiles/pairings_irlch2016.html">Tournament
report</a>. }

1. c4 b6 2. Nf3 Bb7 3. e3 e6 4. g3 Nf6 5. Bg2 Be7 6. O-O O-O 7. b3 c5 8.
Bb2 d5 9. Nc3 dxc4 10. bxc4 Nc6 11. Qe2 Rc8 12. Rfd1 Qc7 13. Rab1 Rfd8 14.
d3 Qb8 15. Ba1 Qa8 16. Ne1 Ne8 17. f4 Bf8 18. Ne4 Nd6 19. Nf2 Re8 20. g4
Rcd8 21. Nf3 f6 22. g5 f5 23. e4 Nf7 24. e5 Rd7 25. h4 Nfd8 26. Kh2 Nb4 27.
Kg3 Ndc6 28. a3 Na6 29. Rd2 Nd4 30. Bxd4 cxd4 31. Ra2 Rc8 32. Ne1 Bxg2 33.
Nxg2 Rc5 34. a4 Ra5 35. Ne1 Nc5 36. Qc2 Qc6 37. Rb5 Nb7 38. Qb2 Bc5 39. Qe2
a6 40. Rbb2 Rd8 41. Qf3 Qd7 42. Qd1 Qc6 43. Qb3 Rb8 44. Nf3 Qe8 45. Nd2 Nd8
46. Qc2 Ra8 47. Qd1 Nc6 48. Nb3 Nb4 49. Nxa5 Nxa2 50. Rxa2 bxa5 51. Rb2 Bb4
52. Rb1 Rb8 53. Nh3 Qc6 54. Ng1 Rb6 55. Qf3 Qc8 56. Ne2 Qd8 57. h5 Rb8 58.
Kg2 $2 (58. h6 g6 59. c5 $1 $18) 58... Qd7 59. Ra1 Bc5 60. Ra2 Qb7 61. Qxb7
Rxb7 62. Nc1 Rb1 63. Rc2 Kf7 64. Kf3 Ba3 65. Ne2 Bc5 66. Nc1 Ke7 67. Kf2
Kd7 68. Ke2 Kc6 69. Kf2 Ba3 70. Na2 Kc5 71. Rd2 Rh1 72. Kg2 Ra1 73. g6 h6
74. Kf3 Rf1+ 75. Kg3 Rb1 76. Kg2 Bb4 77. Rc2 Ba3 78. Rd2 Rb3 79. Kf3 Rb1
80. Kg2 Ra1 81. Kf2 Bb4 82. Rc2 Ba3 83. Rd2 Rh1 84. Kg2 Rxh5 85. Rd1 Rh4
86. Kg3 Rg4+ 87. Kf3 Rh4 88. Kg3 Rg4+ 89. Kf3 Kc6 90. Rb1 Kc7 91. Rb3 Bc5
92. Rb1 Rxg6 93. Rh1 Ba3 94. Nc1 Bxc1 95. Rxc1 Rg4 96. Rb1 g5 97. fxg5 hxg5
98. Rh1 Rh4 99. Rxh4 gxh4 100. Kf4 Kc6 101. Kf3 Kc5 102. Kg2 f4 0-1

[Event "Irish Championship 2016"]
[Site "Dublin IRL"]
[Date "2016.07.06"]
[Round "5.2"]
[White "Delaney, Killian"]
[Black "Fox, Anthony"]
[Result "1-0"]
[WhiteElo "2190"]
[BlackElo "1997"]
[WhiteICU "2141"]
[BlackICU "1959"]
[WhiteClub "Gonzaga"]
[BlackClub "Dun Laoghaire"]
[WhiteNationality "IRL"]
[BlackNationality "IRL"]
[WhiteFideId "2501570"]
[BlackFideId "2500736"]
[PlyCount "85"]
[EventDate "2016.07.02"]
[Source "Chess-Results.com"]

{ Event information: <a
href="https://www.irlchess.com/irlch2016_allfiles/pairings_irlch2016.html">Tournament
report</a>. }

1. e4 e5 2. Nc3 Nf6 3. f4 d5 4. fxe5 Nxe4 5. Nf3 Be7 6. Qe2 Nxc3 7. dxc3
O-O 8. Bf4 c5 9. O-O-O Be6 10. c4 d4 11. Qe4 Nc6 12. Bd3 g6 13. Bh6 Re8 14.
Qf4 Qc7 15. Rde1 Nb4 16. Ng5 Nxd3+ 17. cxd3 Bxg5 18. Bxg5 f5 19. exf6 Qxf4+
20. Bxf4 Bf5 21. Kd2 Re6 22. Rxe6 Bxe6 23. Re1 Kf7 24. Bd6 b6 25. Be7 h5
26. Re5 Rc8 27. b4 b5 28. Rxc5 Rxc5 29. Bxc5 bxc4 30. Bxa7 Kxf6 31. Bxd4+
Kf7 32. a4 cxd3 33. Kxd3 Ke8 34. Kc3 Kd7 35. b5 Kc7 36. Be5+ Kb7 37. a5 Bd5
38. g3 Bf3 39. Kb4 g5 40. a6+ Kb6 41. Bd4+ Kc7 42. Kc5 Bg2 43. b6+ 1-0

[Event "Irish Championship 2016"]
[Site "Dublin IRL"]
[Date "2016.07.06"]
[Round "5.3"]
[White "O'Connell, Gerard"]
[Black "Butler, Kevin C."]
[Result "0-1"]
[WhiteElo "2104"]
[BlackElo "2042"]
[WhiteICU "2015"]
[BlackICU "1981"]
[WhiteClub "St. Benildus"]
[BlackClub "Phibsboro"]
[WhiteNationality "IRL"]
[BlackNationality "IRL"]
[WhiteFideId "2500493"]
[BlackFideId "2501538"]
[PlyCount "96"]
[EventDate "2016.07.02"]
[Source "Chess-Results.com"]

{ Event information: <a
href="https://www.irlchess.com/irlch2016_allfiles/pairings_irlch2016.html">Tournament
report</a>. }

1. d4 Nf6 2. c4 g6 3. Nc3 Bg7 4. e4 d6 5. Nf3 O-O 6. Be2 e5 7. O-O Na6 8.
d5 Nc5 9. Nd2 a5 10. f3 Nh5 11. Nb3 Nd7 12. Be3 f5 13. c5 f4 14. Bf2 a4 15.
c6 bxc6 16. dxc6 Ndf6 17. Bc4+ Kh8 18. Nd2 g5 19. Nd5 Nxd5 20. Bxd5 Nf6 21.
Re1 Qe8 22. Bc4 h5 23. Be2 Bh6 24. Rc1 Rg8 25. Nc4 Qf8 26. Rc3 g4 27. Bh4
Bg5 28. Bxg5 Rxg5 29. Rd3 Ne8 30. Kh1 Be6 31. Rd2 Qg8 32. b3 axb3 33. axb3
gxf3 34. Bxf3 h4 35. Qe2 Rb8 36. Qf2 Rg7 37. Bd1 Qh7 38. Rd3 Nf6 39. Bf3
Rbg8 40. Nxd6 cxd6 41. Rxd6 Ng4 42. Qb2 h3 43. Rxe6 Nxh2 44. g4 Nxf3 45.
Rxe5 Nxe5 46. Qxe5 Qh4 47. Rg1 f3 48. c7 f2 0-1

[Event "Irish Championship 2016"]
[Site "Dublin IRL"]
[Date "2016.07.06"]
[Round "5.4"]
[White "Beatty, Ross"]
[Black "MacElligott, Gerard"]
[Result "0-1"]
[BlackTitle "CM"]
[WhiteElo "1770"]
[BlackElo "2060"]
[WhiteICU "1847"]
[BlackICU "1984"]
[WhiteClub "St. Benildus"]
[BlackClub "Elm Mount"]
[WhiteNationality "IRL"]
[BlackNationality "IRL"]
[WhiteFideId "2507552"]
[BlackFideId "2500647"]
[PlyCount "84"]
[EventDate "2016.07.02"]
[Source "Chess-Results.com"]

{ Event information: <a
href="https://www.irlchess.com/irlch2016_allfiles/pairings_irlch2016.html">Tournament
report</a>. }

1. e4 c5 2. Nf3 d6 3. d3 Nc6 4. g3 g6 5. Bg2 Bg7 6. O-O e5 7. Nbd2 Nge7 8.
c3 O-O 9. Ne1 Be6 10. f4 d5 11. Nb3 b6 12. fxe5 dxe4 13. Bxe4 Bd5 14. Nd2
Nxe5 15. Qe2 Qd7 16. Ndf3 Ng4 17. Bf4 f5 18. Bxd5+ Nxd5 19. Qd2 Rfe8 20.
Ng2 Nxf4 21. Nxf4 Bh6 22. Rae1 Rad8 23. d4 Nf6 24. Qc1 cxd4 25. Nxd4 Ne4
26. Qc2 Bxf4 27. Rxf4 Qd5 28. Qb3 Qxb3 29. Nxb3 Ng5 30. Rxe8+ Rxe8 31. Kg2
Kf7 32. Nd4 Ne6 33. Nxe6 Kxe6 34. Kf3 Rd8 35. Rd4 $4 (35. Ke2 $10) 35...
Rxd4 $19 36. cxd4 g5 37. h4 h6 38. h5 Kd5 39. Ke3 b5 40. b3 b4 41. Kd3 f4
42. g4 a6 0-1

[Event "Irish Championship 2016"]
[Site "Dublin IRL"]
[Date "2016.07.06"]
[Round "5.5"]
[White "Haque, Mustakim-Ul"]
[Black "Scott, Luke"]
[Result "0-1"]
[WhiteElo "1839"]
[BlackElo "1922"]
[WhiteICU "1704"]
[BlackICU "1862"]
[WhiteClub "Rathmines"]
[BlackClub "Blanchardstown"]
[WhiteNationality "IRL"]
[BlackNationality "IRL"]
[WhiteFideId "2509334"]
[BlackFideId "2507986"]
[PlyCount "46"]
[EventDate "2016.07.02"]
[Source "Chess-Results.com"]

{ Event information: <a
href="https://www.irlchess.com/irlch2016_allfiles/pairings_irlch2016.html">Tournament
report</a>. }

1. d4 d5 2. c4 c6 3. Nf3 Nf6 4. e3 Bf5 5. cxd5 cxd5 6. Nc3 e6 7. Ne5 h6 8.
Bd3 Bxd3 9. Qxd3 Nbd7 10. f4 Be7 11. O-O O-O 12. Bd2 Rc8 13. Rf3 Bb4 14.
Raf1 Ne4 15. Be1 Nxe5 16. fxe5 Bxc3 17. Bxc3 Rc4 18. Be1 Qc7 19. b3 Rc1 20.
Bb4 Rxf1+ 21. Qxf1 Rc8 22. Bd6 Qc1 23. Rxf7 Qxe3+ 0-1

[Event "Irish Championship 2016"]
[Site "Dublin IRL"]
[Date "2016.07.06"]
[Round "5.6"]
[White "Melaugh, Shane"]
[Black "O'Neill, Paul"]
[Result "0-1"]
[WhiteElo "1677"]
[BlackElo "1784"]
[WhiteICU "1776"]
[BlackICU "1785"]
[WhiteClub "Elm Mount"]
[BlackClub "Naomh Barrog"]
[WhiteNationality "IRL"]
[BlackNationality "IRL"]
[WhiteFideId "2509580"]
[BlackFideId "2507692"]
[PlyCount "98"]
[EventDate "2016.07.02"]
[Source "Chess-Results.com"]

{ Event information: <a
href="https://www.irlchess.com/irlch2016_allfiles/pairings_irlch2016.html">Tournament
report</a>. }

1. c4 e5 2. Nc3 Nf6 3. g3 g6 4. Bg2 Bg7 5. d3 O-O 6. e4 Nc6 7. Nge2 d6 8.
O-O Bg4 9. h3 Be6 10. f4 Ne7 11. Nd5 Nfxd5 12. cxd5 Bd7 13. Qb3 Qc8 14. Kh2
c6 15. fxe5 Bxe5 16. Bg5 Qe8 17. d4 Bg7 18. Qxb7 Rb8 19. Qxa7 cxd5 20. Qa3
dxe4 21. Qxd6 Nf5 22. Qa3 Nxd4 23. Nxd4 Bxd4 24. Qd6 Be5 25. Qc5 Rb5 26.
Qe3 Rxb2 27. Bh6 Qe6 28. Kh1 Rxg2 29. Kxg2 Qxh3+ 30. Kf2 Qh2+ 31. Ke1 Bxg3+
32. Rf2 Qg1+ 33. Kd2 Qxf2+ 34. Qxf2 Bxf2 35. Bxf8 Kxf8 36. a4 e3+ 37. Ke2
Bg4+ 38. Kf1 Bg3 39. Kg2 Be5 40. Re1 e2 41. a5 f5 42. a6 Bd4 43. Kg3 h5 44.
Kg2 f4 45. Ra1 f3+ 46. Kh2 f2 47. a7 Bxa7 48. Rxa7 e1=Q 49. Ra8+ Kg7 0-1

[Event "Irish Championship 2016"]
[Site "Dublin IRL"]
[Date "2016.07.06"]
[Round "5.7"]
[White "Thee, Bernd"]
[Black "Keogh, Eamon"]
[Result "1/2-1/2"]
[BlackTitle "NM"]
[WhiteElo "1961"]
[BlackElo "2021"]
[WhiteICU "1832"]
[BlackICU "1930"]
[WhiteClub "Adare"]
[BlackClub "Kilkenny"]
[WhiteNationality "IRL"]
[BlackNationality "IRL"]
[WhiteFideId "2505630"]
[BlackFideId "2500264"]
[PlyCount "138"]
[EventDate "2016.07.02"]
[Source "Chess-Results.com"]

{ Event information: <a
href="https://www.irlchess.com/irlch2016_allfiles/pairings_irlch2016.html">Tournament
report</a>. }

1. e4 e5 2. Nf3 Nc6 3. d4 exd4 4. Bc4 Nf6 5. O-O d5 6. exd5 Nxd5 7. Nxd4
Nxd4 8. Qxd4 Be6 9. Re1 Be7 10. Bg5 Bxg5 11. Qxd5 O-O 12. Qxd8 Raxd8 13.
Bxe6 fxe6 14. Nc3 Bd2 15. Re2 Bxc3 16. bxc3 Rd6 17. Rae1 Kf7 18. f3 Rfd8
19. Kf2 Ra6 20. a4 Rdd6 21. Re4 Rdc6 22. R1e3 Ra5 23. Rd3 Ke7 24. Ke3 Rac5
25. Kd2 Rc4 26. Rxc4 Rxc4 27. Rd4 Rc5 28. Kd3 Rh5 29. h4 b6 30. g3 g6 31.
f4 c5 32. Re4 Rd5+ 33. Ke2 h5 34. c4 Rd6 35. c3 Rd8 36. Re5 Kf6 37. Rg5 Re8
38. Re5 Ke7 39. Rg5 Rg8 40. Re5 Kd6 41. Rg5 a6 42. Kd3 Rg7 43. Re5 Rf7 44.
Rg5 Rf6 45. Re5 Rf5 46. Re3 e5 47. Ke4 exf4 48. gxf4 Rf6 49. Rd3+ Kc6 50.
Rd5 b5 51. cxb5+ axb5 52. axb5+ Kxb5 53. Rd3 Kc4 54. Rd5 Rc6 55. f5 gxf5+
56. Rxf5 Kxc3 57. Rxh5 c4 58. Rg5 Kb3 59. h5 c3 60. Rg3 Rh6 61. Kd4 Rd6+
62. Ke5 Ra6 63. Kf5 Kb2 64. Rxc3 Kxc3 65. Kg5 Kd4 66. h6 Ke5 67. h7 Ra8 68.
Kg6 Ke6 69. Kg7 Rh8 1/2-1/2

[Event "Irish Championship 2016"]
[Site "Dublin IRL"]
[Date "2016.07.06"]
[Round "5.8"]
[White "Tirziman, Rudolf"]
[Black "Mirza, Diana"]
[Result "1/2-1/2"]
[BlackTitle "WCM"]
[WhiteElo "1900"]
[BlackElo "1889"]
[WhiteICU "1838"]
[BlackICU "1916"]
[WhiteClub "Blanchardstown"]
[BlackClub "St. Michael's"]
[WhiteNationality "IRL"]
[BlackNationality "IRL"]
[WhiteFideId "2508664"]
[BlackFideId "2503999"]
[PlyCount "21"]
[EventDate "2016.07.02"]
[Source "Scoresheet"]

{ Event information: <a
href="https://www.irlchess.com/irlch2016_allfiles/pairings_irlch2016.html">Tournament
report</a>. }

1. d4 d5 2. c4 e6 3. Nc3 Nf6 4. Nf3 Be7 5. Bf4 a6 6. e3 O-O 7. Rc1 b6 8.
cxd5 exd5 9. Bd3 Bb7 10. O-O Nbd7 11. h3 1/2-1/2

[Event "Irish Championship 2016"]
[Site "Dublin IRL"]
[Date "2016.07.07"]
[Round "6.1"]
[White "Butler, Kevin C."]
[Black "Jessel, Stephen"]
[Result "0-1"]
[BlackTitle "FM"]
[WhiteElo "2042"]
[BlackElo "2344"]
[WhiteICU "1981"]
[BlackICU "2304"]
[WhiteClub "Phibsboro"]
[BlackClub "V&eacute;sinet FRA"]
[WhiteNationality "IRL"]
[BlackNationality "IRL"]
[WhiteFideId "2501538"]
[BlackFideId "628859"]
[PlyCount "34"]
[EventDate "2016.07.02"]
[Source "Live boards"]

{ Event information: <a
href="https://www.irlchess.com/irlch2016_allfiles/pairings_irlch2016.html">Tournament
report</a>. }

1. e4 e6 2. d4 d5 3. Nc3 Nf6 4. e5 Nfd7 5. f4 c5 6. Nf3 Nc6 7. Be3 cxd4 8.
Nxd4 Bc5 9. Qd2 O-O 10. O-O-O a6 11. Nb3 Bb4 12. a3 Be7 13. Nd4 Qc7 14. Bd3
Na5 15. Nf5 exf5 16. Bxf5 Nc5 17. Bxc8 Nab3+ 0-1

[Event "Irish Championship 2016"]
[Site "Dublin IRL"]
[Date "2016.07.07"]
[Round "6.2"]
[White "MacElligott, Gerard"]
[Black "Delaney, Killian"]
[Result "0-1"]
[WhiteTitle "CM"]
[WhiteElo "2060"]
[BlackElo "2190"]
[WhiteICU "1984"]
[BlackICU "2141"]
[WhiteClub "Elm Mount"]
[BlackClub "Gonzaga"]
[WhiteNationality "IRL"]
[BlackNationality "IRL"]
[WhiteFideId "2500647"]
[BlackFideId "2501570"]
[PlyCount "116"]
[EventDate "2016.07.02"]
[Source "Live boards"]

{ Event information: <a
href="https://www.irlchess.com/irlch2016_allfiles/pairings_irlch2016.html">Tournament
report</a>. }

1. d4 Nf6 2. c4 g6 3. Nc3 Bg7 4. Nf3 O-O 5. Bg5 c5 6. e3 cxd4 7. exd4 d5 8.
Be2 dxc4 9. Bxc4 Bg4 10. d5 Nbd7 11. O-O Rc8 12. Be2 Nb6 13. Qb3 Nfxd5 14.
Rfd1 Bxc3 15. bxc3 Rxc3 16. Qb2 Qc7 17. Bh6 Rc8 18. Nd4 Bd7 19. Nb5 Bxb5
20. Bxb5 Nf6 21. h3 Nbd5 22. Ba4 e6 23. Bb3 a6 24. Qd2 Qe5 25. Re1 Qf5 26.
Rad1 b5 27. Qd4 Qh5 28. Bxd5 Qxh6 29. Bb7 Nd5 30. Bxc8 Rxc8 31. Qd2 Qxd2
32. Rxd2 Rc4 33. Rb1 Kf8 34. g3 Ke7 35. f4 h5 36. h4 Kd6 37. Kf2 Kc5 38.
Rb3 a5 39. a3 a4 40. Rbd3 Rc1 41. Kf3 Rc3 42. Rxc3+ Nxc3 43. Ke3 Kc4 44.
Rc2 Kb3 45. Kd3 Nb1 46. Rc7 Nxa3 47. Rxf7 b4 48. Rf6 Nc4 49. Rxg6 a3 50.
Rxe6 a2 51. Re1 Na3 52. Ra1 Kb2 53. f5 Kxa1 54. f6 b3 55. f7 b2 56. f8=Q
b1=Q+ 57. Ke2 Qc2+ 58. Kf3 Kb2 0-1

[Event "Irish Championship 2016"]
[Site "Dublin IRL"]
[Date "2016.07.07"]
[Round "6.3"]
[White "O'Neill, Paul"]
[Black "Daly, Colm"]
[Result "0-1"]
[BlackTitle "FM"]
[WhiteElo "1784"]
[BlackElo "2334"]
[WhiteICU "1785"]
[BlackICU "2262"]
[WhiteClub "Naomh Barrog"]
[BlackClub "Bray/Greystones"]
[WhiteNationality "IRL"]
[BlackNationality "IRL"]
[WhiteFideId "2507692"]
[BlackFideId "2500434"]
[PlyCount "104"]
[EventDate "2016.07.02"]
[Source "Live boards"]

{ Event information: <a
href="https://www.irlchess.com/irlch2016_allfiles/pairings_irlch2016.html">Tournament
report</a>. }

1. e4 c5 2. Nf3 e6 3. d4 cxd4 4. Nxd4 a6 5. g3 Nf6 6. Bg2 Qc7 7. O-O d6 8.
Be3 Bd7 9. Nd2 Nc6 10. c3 Be7 11. f4 Rc8 12. N2b3 O-O 13. g4 d5 14. e5 Ne4
15. g5 Nxd4 16. Nxd4 g6 17. Rf3 Kg7 18. Qe1 Rh8 19. h4 h5 20. gxh6+ Rxh6
21. f5 exf5 22. Bxh6+ Kxh6 23. Qe3+ Kg7 24. Qf4 Qb6 25. Raf1 Bc5 26. Rd3
Bb5 27. Bxe4 dxe4 28. Rd2 Bxf1 29. Kxf1 Bxd4 30. Rxd4 Qxb2 31. Qg5 Qa1+ 32.
Kg2 Qxa2+ 33. Rd2 Qe6 34. h5 Rh8 35. hxg6 Qxg6 36. Qxg6+ Kxg6 37. Rd6+ Kg5
38. Rd7 Re8 39. Rxf7 b5 40. Rf6 Rxe5 41. Rxa6 Rc5 42. Rb6 Kf4 43. Kf2 Ke5
44. Rb8 Kf4 45. Rb7 Rxc3 46. Rxb5 Rc2+ 47. Ke1 e3 48. Ra5 Ke4 49. Kd1 Rd2+
50. Ke1 f4 51. Rh5 Ra2 52. Rh8 Ra1+ 0-1

[Event "Irish Championship 2016"]
[Site "Dublin IRL"]
[Date "2016.07.07"]
[Round "6.4"]
[White "Fox, Anthony"]
[Black "Scott, Luke"]
[Result "1/2-1/2"]
[WhiteElo "1997"]
[BlackElo "1922"]
[WhiteICU "1959"]
[BlackICU "1862"]
[WhiteClub "Dun Laoghaire"]
[BlackClub "Blanchardstown"]
[WhiteNationality "IRL"]
[BlackNationality "IRL"]
[WhiteFideId "2500736"]
[BlackFideId "2507986"]
[PlyCount "54"]
[EventDate "2016.07.02"]
[Source "Live boards"]

{ Event information: <a
href="https://www.irlchess.com/irlch2016_allfiles/pairings_irlch2016.html">Tournament
report</a>. }

1. e4 e6 2. Nc3 d5 3. Nf3 Nf6 4. e5 Nfd7 5. d4 c5 6. dxc5 Bxc5 7. Bd3 Nc6
8. Bf4 a6 9. O-O f6 10. exf6 Nxf6 11. Ne5 O-O 12. Nxc6 bxc6 13. Be5 Qe7 14.
Qe2 a5 15. Kh1 Bd7 16. Rae1 Rae8 17. f4 g6 18. Nd1 Nh5 19. g4 Ng7 20. Ne3
Bd6 21. Ng2 c5 22. c3 Bc6 23. Kg1 c4 24. Bb1 Bc5+ 25. Bd4 Bd6 26. Be5 Bc5+
27. Bd4 Bd6 1/2-1/2

[Event "Irish Championship 2016"]
[Site "Dublin IRL"]
[Date "2016.07.07"]
[Round "6.5"]
[White "Haque, Mustakim-Ul"]
[Black "O'Connell, Gerard"]
[Result "1-0"]
[WhiteElo "1839"]
[BlackElo "2104"]
[WhiteICU "1704"]
[BlackICU "2015"]
[WhiteClub "Rathmines"]
[BlackClub "St. Benildus"]
[WhiteNationality "IRL"]
[BlackNationality "IRL"]
[WhiteFideId "2509334"]
[BlackFideId "2500493"]
[PlyCount "111"]
[EventDate "2016.07.02"]
[Source "Live boards"]

{ Event information: <a
href="https://www.irlchess.com/irlch2016_allfiles/pairings_irlch2016.html">Tournament
report</a>. }

1. d4 Nf6 2. c4 g6 3. Nc3 d5 4. Nf3 Bg7 5. Bg5 Ne4 6. cxd5 Nxg5 7. Nxg5 c6
8. dxc6 Bxd4 9. Qb3 O-O 10. cxb7 Bxb7 11. Qxb7 Bxc3+ 12. bxc3 Qa5 13. Ne4
Na6 14. e3 Nc5 15. Qb5 Qxb5 16. Bxb5 Nxe4 17. Bc6 Nxc3 18. Bxa8 Rxa8 19.
O-O Rb8 20. g3 Rb2 21. a3 a5 22. Kg2 a4 23. Rac1 Nd5 24. Kf3 Rb3 25. Rfd1
e6 26. Rc4 Rxa3 27. Rdd4 Kg7 28. Rxa4 Rxa4 29. Rxa4 Kf6 30. e4 Ne7 31. Kg4
Nc6 32. f4 Ne7 33. Ra6 Kg7 34. Kh4 Ng8 35. g4 h6 36. g5 hxg5+ 37. fxg5 Ne7
38. Kg4 f5+ 39. Kf4 Kf7 40. exf5 gxf5 41. Ra7 Ke8 42. Ra5 Ng6+ 43. Kg3 e5
44. h4 f4+ 45. Kg4 f3 46. Kxf3 Nxh4+ 47. Ke4 Kf7 48. Kxe5 Ng6+ 49. Kf5 Ne7+
50. Kg4 Ng6 51. Rf5+ Kg7 52. Kh5 Ne7 53. Rc5 Ng8 54. Rc7+ Kf8 55. Kg6 Ne7+
56. Rxe7 1-0

[Event "Irish Championship 2016"]
[Site "Dublin IRL"]
[Date "2016.07.07"]
[Round "6.6"]
[White "Beatty, Ross"]
[Black "Tirziman, Rudolf"]
[Result "1-0"]
[WhiteElo "1770"]
[BlackElo "1900"]
[WhiteICU "1847"]
[BlackICU "1838"]
[WhiteClub "St. Benildus"]
[BlackClub "Blanchardstown"]
[WhiteNationality "IRL"]
[BlackNationality "IRL"]
[WhiteFideId "2507552"]
[BlackFideId "2508664"]
[PlyCount "43"]
[EventDate "2016.07.02"]
[Source "Live boards"]

{ Event information: <a
href="https://www.irlchess.com/irlch2016_allfiles/pairings_irlch2016.html">Tournament
report</a>. }

1. d4 e6 2. Nf3 Nf6 3. e3 c5 4. c3 d5 5. Bd3 Nc6 6. Nbd2 Bd6 7. O-O O-O 8.
Qe2 e5 9. dxc5 Bxc5 10. e4 Bg4 11. exd5 Nxd5 12. Bc2 Be7 13. Nc4 Qc7 14.
Ncxe5 Nxe5 15. Qxe5 Bxf3 16. Qf5 g6 17. Qxf3 Nb6 18. Bf4 Bd6 19. Bxd6 Qxd6
20. Qxb7 a5 21. Rad1 Qf6 22. Rfe1 1-0

[Event "Irish Championship 2016"]
[Site "Dublin IRL"]
[Date "2016.07.07"]
[Round "6.7"]
[White "Keogh, Eamon"]
[Black "Mirza, Diana"]
[Result "0-1"]
[WhiteTitle "NM"]
[BlackTitle "WCM"]
[WhiteElo "2021"]
[BlackElo "1889"]
[WhiteICU "1930"]
[BlackICU "1916"]
[WhiteClub "Kilkenny"]
[BlackClub "St. Michael's"]
[WhiteNationality "IRL"]
[BlackNationality "IRL"]
[WhiteFideId "2500264"]
[BlackFideId "2503999"]
[PlyCount "158"]
[EventDate "2016.07.02"]
[Source "Live boards"]

{ Event information: <a
href="https://www.irlchess.com/irlch2016_allfiles/pairings_irlch2016.html">Tournament
report</a>. }

1. d3 c5 2. f4 Nc6 3. Nf3 g6 4. g3 Bg7 5. Bg2 e6 6. e4 d6 7. O-O Nge7 8.
Nc3 O-O 9. Ne2 b6 10. c3 Bb7 11. g4 d5 12. e5 Qd7 13. Ng3 Rac8 14. Qe2 Ba6
15. Bd2 b5 16. Rad1 Rb8 17. f5 exf5 18. gxf5 Nxf5 19. Nxf5 Qxf5 20. d4 Qc8
21. Qf2 b4 22. Rfe1 bxc3 23. bxc3 c4 24. Ng5 Ne7 25. Bc1 h6 26. Ba3 Qd7 27.
Nh3 Bb7 28. Bd6 Rbd8 29. Rb1 Rfe8 30. Nf4 Nf5 31. Bc5 Bc6 32. Bh3 Bf8 33.
Nh5 Bg7 34. Ng3 Qc7 35. Nxf5 gxf5 36. Bxf5 Bd7 37. Bc2 Re6 38. Re3 Rg6+ 39.
Bxg6 fxg6 40. Bd6 Qc6 41. Bc5 Bf5 42. Bxa7 $4 ({ Chess blindness. } ) 42...
Bxb1 $19 43. e6 Bf5 44. e7 Re8 45. Bc5 Be4 46. Qe2 Bf6 47. Rxe4 dxe4 48.
Qxc4+ Kg7 49. d5 Qd7 50. d6 Qg4+ 51. Kf1 Qf3+ 52. Kg1 Qg4+ 53. Kf1 Qh3+ 54.
Kg1 Be5 55. Qxe4 Bxh2+ 56. Kf2 Bg3+ 57. Ke2 Qh2+ 58. Kd3 Bxd6 59. Bd4+ Kf7
60. Qd5+ Kxe7 61. Qb7+ Ke6 62. Qb3+ Kd7 63. Qb5+ Kd8 64. Bb6+ Bc7 65. Qd5+
Ke7 66. Bc5+ Kf6 67. Bd4+ Be5 68. Qf3+ Kg5 69. Be3+ Bf4 70. Bf2 Rd8+ 71.
Kc4 Qh5 72. Qe4 Rc8+ 73. Kb5 Kg4+ 74. Ka4 Rxc3 75. Qg2+ Kf5 76. Qd5+ Be5
77. Qd7+ Ke4 78. Qb7+ Kd3 79. Qb5+ Rc4+ 0-1

[Event "Irish Championship 2016"]
[Site "Dublin IRL"]
[Date "2016.07.07"]
[Round "6.8"]
[White "Thee, Bernd"]
[Black "Melaugh, Shane"]
[Result "1-0"]
[WhiteElo "1961"]
[BlackElo "1677"]
[WhiteICU "1832"]
[BlackICU "1776"]
[WhiteClub "Adare"]
[BlackClub "Elm Mount"]
[WhiteNationality "IRL"]
[BlackNationality "IRL"]
[WhiteFideId "2505630"]
[BlackFideId "2509580"]
[PlyCount "45"]
[EventDate "2016.07.02"]
[Source "Chess-Results.com"]

{ Event information: <a
href="https://www.irlchess.com/irlch2016_allfiles/pairings_irlch2016.html">Tournament
report</a>. }

1. e4 c5 2. Nf3 e6 3. d4 cxd4 4. Nxd4 a6 5. Nc3 Nc6 6. Nxc6 bxc6 7. Be3 Bb4
8. Qd4 Bxc3+ 9. Qxc3 Nf6 10. Bg5 O-O 11. Qf3 Qa5+ 12. Bd2 Qe5 13. Bd3 Qxb2
14. O-O Qe5 15. Rfe1 d5 16. exd5 Qxd5 17. Qg3 Kh8 18. Bc3 Qc5 19. Bxh7 Nh5
20. Qh4 Qxc3 21. Qxh5 Qd2 22. Re3 Qd5 23. Bf5+ 1-0